| 000 | 00561nam a2200217 a 4500 | ||
|---|---|---|---|
| 999 |
_c5764 _d5764 |
||
| 001 | 5764 | ||
| 003 | BD-JhCC | ||
| 005 | 20171221092904.0 | ||
| 008 | 171221s19561965e |||| || | 000 0 eng d | ||
| 035 | _a(BD-JhCC)5764 | ||
| 040 |
_aBD-JhCC _dBD-JhCC |
||
| 041 | _aeng | ||
| 082 |
_a029.4 _bCHA 1965 |
||
| 100 | _aChapman, L. R. H. | ||
| 245 |
_aPrecis Writing Models and Methods / _cL. R. H. Chapman, |
||
| 260 |
_aLondon : _bLongmans, Green and CO Ltd _c1965. |
||
| 300 |
_a90 p. : _c19 cm. |
||
| 650 | _aAbstracting | ||
| 942 |
_2ddc _cBK |
||